00980nam a22001937a 450000500170000000800410001704000250005804100080008304400070009110000280009824501980012626000950032430000250041952002450044465000200068965000130070965000250072270000390074720150202141910.0131113b2010 ck ||||| |||| 00| 0 spa d aCO-BoIAVHcCO-BoIAVH aspa ack aMora Lizcano-Yhon Alber aIdentificacion de la oferta floral apicola en los municipios de Algeciras y Gigante y elaboracion de calendarios florales en los respectivos municipios del departamento del HuilabInforme final aNeivabInstituto de Investigación de Recursos Biológicos Alexander von Humboldtc2010 a83 p.bgraf.c27 cm. aSe desarrollo el estudio en un periodo de doce meses,indicando en el mes de junio del 2009 hasta julio del 2010,donde se indentificaron 61 especies de importancia, 31 en el municipio de Algeciras y 30 en el municipio de Gigante en el Hulia. aFlora apícola aForrajeo aBuche melariozHulia aChavarro Macías - Angela María